000 00149nam a22000857a 4500
082 _a823
100 _aJOHN HAMBER
245 _aTHE LAZY DOG
942 _cBK
999 _c8146
_d8146